000 00454nam a2200157Ia 4500
008 210210b1994 xxu||||| |||| 00| 0 eng d
020 _a81 250 0077 1
082 _a925 SCIA
100 _aSCIENTISTS WHO HAVE CHANGED THE WORLD.
245 _aAlexander Fleming: discovered penicillin. by beverley Birch.
260 _aHyderabad.
_bOrient Longman Ltd.,
_c1994
300 _a64
650 _aAlexander Flemingl
690 _aBiograph
906 _a04887
999 _c98007
_d98007